| 000 | 00436nam a22001457a 4500 | ||
|---|---|---|---|
| 020 | _a9781844804542 | ||
| 050 |
_aQA76.9 _b.H85 2006 |
||
| 100 | _aSmith-Atakan, Serengul | ||
| 245 |
_aHuman-computer interaction _cSerengul Smith-Atakan |
||
| 260 |
_aAustralia ; London : _bThomson, _c2006. |
||
| 300 | _axiv, 204p.: | ||
| 500 | _aIncludes table of contents, appendices and index. | ||
| 650 | _v Human-computer interaction. | ||
| 942 | _cGEN | ||
| 999 |
_c2669 _d2669 |
||